[Event "CRO-chT1B 29th"]
[Site "Mali Losinj"]
[Date "2021.09.26"]
[Round "2.36"]
[White "Tomas, Ante"]
[Black "Vernacki, Srdjan"]
[Result "0-1"]
[WhiteElo "2124"]
[BlackElo "2265"]
[PlyCount "113"]
[EventDate "2021.09.25"]
[EventType "team-tourn"]
[EventRounds "11"]
[EventCountry "CRO"]
[SourceTitle "CBM 204 Extra"]
[Source "ChessBase"]
[SourceDate "2021.11.30"]
[SourceVersion "1"]
[SourceVersionDate "2021.11.30"]
[SourceQuality "1"]
[WhiteTeam "Split Brda"]
[BlackTeam "Strigova Stridon"]
[WhiteTeamCountry "CRO"]
[BlackTeamCountry "CRO"]

1. e4 c5 2. Nc3 e6 3. f4 Nc6 4. Nf3 d6 5. Be2 Nf6 6. 0-0 Be7 7. d3 0-0 8. h3 a6 9. g4 b5 10. Qe1 Nd4 11. Bd1 Nd7 12. Nxd4 cxd4 13. Ne2 e5 14. fxe5 dxe5 15. Qf2 Nc5 16. Ng3 Bh4 17. Qf3 Bxg3 18. Qxg3 Qd6 19. Bd2 Be6 20. h4 Na4 21. Bc1 f6 22. h5 h6 23. Kh2 Rac8 24. a3 Rf7 25. Qe1 Qb6 26. Rb1 Nc5 27. Bd2 Ra8 28. Ba5 Qc6 29. Rf2 Qd7 30. Kh3 Nb7 31. Bd2 Rc8 32. Rg2 Rff8 33. Rf2 Nd6 34. Kg3 Nf7 35. Bb4 Rfe8 36. Bd2 Rc6 37. Rh2 Rec8 38. Bb4 Qe8 39. Rf2 Bd7 40. Ra1 Qe6 41. Qe2 Ng5 42. Rf5 Qe8 43. Rf2 Be6 44. Bd2 Nf7 45. Bb4 Qd7 46. Kh2 Ra8 47. Ba5 Ng5 48. Kg3 Bf7 49. Qe1 Bxh5 50. Bd2 Bf7 51. Bxg5 fxg5 52. Rf5 Be6 53. Rf2 Rcc8 54. Qb4 Rf8 55. Bf3 Rf4 56. Raf1 Raf8 57. Bg2 0-1